Nadeem Ki Nazmain (Record no. 585805)
[ view plain ]
| 000 -LEADER | |
|---|---|
| fixed length control field | 00369nam a22001457a 4500 |
| 020 ## - INTERNATIONAL STANDARD BOOK NUMBER | |
| International Standard Book Number | 9789693518467 |
| 040 ## - CATALOGING SOURCE | |
| Transcribing agency | NUST |
| 082 ## - DEWEY DECIMAL CLASSIFICATION NUMBER | |
| Classification number | 891.4391 |
| Author Mark | QAS |
| 100 ## - MAIN ENTRY--PERSONAL NAME | |
| Personal name | Qasmi, Ahmed Nadeem |
| 9 (RLIN) | 25476 |
| 245 ## - TITLE STATEMENT | |
| Title | Nadeem Ki Nazmain |
| 260 ## - PUBLICATION, DISTRIBUTION, ETC. | |
| Place of publication, distribution, etc. | LAHORE |
| Name of publisher, distributor, etc. | Sang-E-Meel Publications |
| Date of publication, distribution, etc. | 2006 |
| 300 ## - PHYSICAL DESCRIPTION | |
| Other physical details | 1415P. :(2Vols.in 1) |
| 650 ## - SUBJECT ADDED ENTRY--TOPICAL TERM | |
| Source of heading or term | Urdu Literature-Poems |
| 942 ## - ADDED ENTRY ELEMENTS (KOHA) | |
| Source of classification or shelving scheme | |
| Koha item type | Book |
| Withdrawn status | Lost status | Source of classification or shelving scheme | Damaged status | Not for loan | Permanent Location | Current Location | Shelving location | Date acquired | Shelving control number | Full call number | Barcode | Date last seen | Price effective from | Koha item type | Public note |
|---|---|---|---|---|---|---|---|---|---|---|---|---|---|---|---|
| College of Electrical & Mechanical Engineering (CEME) | College of Electrical & Mechanical Engineering (CEME) | Fiction | 11/25/2025 | Urdu Literature | 891.4391 QAS | CEME-50113 | 07/07/2021 | 07/07/2021 | Book | 1.0 |
